00511nam a22001937a 450000500170000001000130001702000110003003500130004103700160005404000120007008200150008210000220009724500700011926000280018927000480021730000240026565000130028965000150030220170124105951.0 aA-371697 c250.00 aA-371697 bCen Lib/Ret aDPLbEN a230.1bROY aRoy, Aditi Kumar  aThe Mahabharat :cby Aditi Kumar Roy ban episodic presentation / aCalcutta bS.Roy c1989 bCalcutta a50/47, santosh roy road e700008 aii, 446p.c20cm(Hb) aHinduism aMahabharat